[Event "Martorell op 35th"]
[Site "Martorell"]
[Date "2017.10.28"]
[Round "6"]
[White "Jove Grau, Lluis"]
[Black "Sirera Bargallo, Tomas"]
[Result "0-1"]
[WhiteElo "2082"]
[BlackElo "2061"]
[PlyCount "48"]
[EventDate "2017.09.16"]
[EventType "swiss"]
[EventRounds "9"]
[EventCountry "ESP"]
[SourceTitle "CBM 189 Extra"]
[Source "ChessBase"]
[SourceDate "2019.06.03"]
[SourceVersion "1"]
[SourceVersionDate "2019.06.03"]
[SourceQuality "1"]

1. d4 d6 2. e4 Nf6 3. Nc3 Nbd7 4. Nf3 e5 5. Bc4 h6 6. Qe2 Be7 7. 0-0 c6 8. a4 Qc7 9. a5 0-0 10. h3 Re8 11. dxe5 dxe5 12. Nh4 Nc5 13. Nf5 Bxf5 14. exf5 e4 15. Be3 Qe5 16. f4 exf3 17. Qxf3 Nce4 18. Nxe4 Nxe4 19. Rae1 Bd6 20. Bf4 Qd4+ 21. Kh2 Nd2 22. Qg4 Nxf1+ 23. Rxf1 Qxc4 24. Qf3 Re4 0-1

[Event "Martorell op 35th"]
[Site "Martorell"]
[Date "2017.09.16"]
[Round "1"]
[White "Torrents Busquet, Marti"]
[Black "Jove Grau, Lluis"]
[Result "0-1"]
[WhiteElo "1851"]
[BlackElo "2082"]
[PlyCount "84"]
[EventDate "2017.09.16"]
[EventType "swiss"]
[EventRounds "9"]
[EventCountry "ESP"]
[SourceTitle "CBM 189 Extra"]
[Source "ChessBase"]
[SourceDate "2019.06.03"]
[SourceVersion "1"]
[SourceVersionDate "2019.06.03"]
[SourceQuality "1"]

1. e4 e5 2. Nf3 Nc6 3. d4 exd4 4. Nxd4 Nf6 5. Nxc6 bxc6 6. e5 Qe7 7. Qe2 Nd5 8. c4 Nb6 9. Nc3 Qe6 10. a3 a5 11. b3 Bc5 12. Ne4 Bd4 13. Bb2 Bxb2 14. Qxb2 0-0 15. Bd3 f5 16. exf6 d5 17. fxg7 Re8 18. 0-0 dxe4 19. Rfe1 Qg6 20. Bf1 Bf5 21. Re3 Qxg7 22. Qxg7+ Kxg7 23. Rae1 Bg6 24. g3 c5 25. Bg2 a4 26. bxa4 Nxc4 27. Rc3 Rxa4 28. Rec1 Bf7 29. Bf1 Nd2 30. Bb5 Raa8 31. Bxe8 Rxe8 32. Kg2 c4 33. Rd1 Nf3 34. Rd7 Kf6 35. Rxc7 Bd5 36. Re3 Rb8 37. Rxh7 Rb1 38. Rh6+ Ke5 39. Rh5+ Kd4 40. Rh6 c3 41. Re2 Bc4 42. Rd6+ Ke5 0-1

[Event "Martorell op 34th"]
[Site "Martorell"]
[Date "2016.11.12"]
[Round "8"]
[White "Jove Grau, Lluis"]
[Black "Munoz Pantoja, Miguel Angel"]
[Result "0-1"]
[WhiteElo "2063"]
[BlackElo "2471"]
[PlyCount "78"]
[EventDate "2016.09.17"]
[EventType "swiss"]
[EventRounds "9"]
[EventCountry "ESP"]
[SourceTitle "EXT 2018"]
[Source "ChessBase"]
[SourceDate "2017.10.13"]
[SourceVersion "1"]
[SourceVersionDate "2017.10.13"]
[SourceQuality "1"]

1. b3 e5 2. Bb2 Nc6 3. e3 d5 4. Nf3 Bd6 5. c4 dxc4 6. bxc4 Nf6 7. c5 Bxc5 8. Nxe5 Nxe5 9. Bxe5 0-0 10. Be2 Re8 11. Bb2 Bf5 12. 0-0 Qe7 13. d4 Bd6 14. Nd2 c6 15. Nc4 Bc7 16. Bf3 Rad8 17. Qe2 Ne4 18. Rfd1 Qg5 19. g3 Bh3 20. Ne5 Nd6 21. a4 f6 22. Nd3 Nf5 23. Nf4 Bxf4 24. Qc4+ Kh8 25. exf4 Qg6 26. d5 Nh4 27. Bh1 Bg4 28. f5 Qh5 29. Rd4 Nf3+ 30. Bxf3 Bxf3 31. Rh4 Qxf5 32. Rf4 Bxd5 33. Rxf5 Bxc4 34. Ba3 b6 35. a5 c5 36. Rf4 Bd5 37. h4 Bc6 38. Rb1 Rd3 39. Ra1 Rxa3 0-1

[Event "Martorell op 34th"]
[Site "Martorell"]
[Date "2016.11.05"]
[Round "7"]
[White "Gomez Jurado, Luis Alberto"]
[Black "Jove Grau, Lluis"]
[Result "1-0"]
[WhiteElo "2243"]
[BlackElo "2063"]
[PlyCount "93"]
[EventDate "2016.09.17"]
[EventType "swiss"]
[EventRounds "9"]
[EventCountry "ESP"]
[SourceTitle "EXT 2018"]
[Source "ChessBase"]
[SourceDate "2017.10.13"]
[SourceVersion "1"]
[SourceVersionDate "2017.10.13"]
[SourceQuality "1"]

1. c4 f5 2. Nc3 Nf6 3. d3 e5 4. g3 g6 5. e4 d6 6. Bg2 Nc6 7. Nge2 Bg7 8. 0-0 0-0 9. Rb1 Nh5 10. Nd5 fxe4 11. dxe4 Nd4 12. Nxd4 exd4 13. f4 a5 14. g4 Nf6 15. Nxf6+ Qxf6 16. g5 Qf7 17. Qd3 Be6 18. b3 a4 19. Rf2 axb3 20. axb3 Qd7 21. Bb2 c5 22. Rbf1 Bf7 23. Bh3 Qe7 24. Bc1 Rad8 25. Bg2 Rb8 26. h4 Qd7 27. Bh3 Qe7 28. Bg4 Rfe8 29. Re2 b5 30. cxb5 Qb7 31. e5 dxe5 32. fxe5 Bxe5 33. Bf3 Qd7 34. Bc6 Qg4+ 35. Rg2 Qxh4 36. Bxe8 Rxe8 37. Qf3 Rf8 38. b6 d3 39. Be3 Qb4 40. b7 Qxb3 41. Bxc5 Rd8 42. Qe3 Bc3 43. Qe7 Rb8 44. Rgf2 Qxb7 45. Qxf7+ Qxf7 46. Rxf7 d2 47. Rf8+ 1-0

[Event "Barcelona Ideal Clave op 20th"]
[Site "Barcelona"]
[Date "2016.10.22"]
[Round "4"]
[White "Capellades Subirana, Marc"]
[Black "Jove Grau, Lluis"]
[Result "0-1"]
[WhiteElo "2225"]
[BlackElo "2063"]
[PlyCount "80"]
[EventDate "2016.10.01"]
[EventType "swiss"]
[EventRounds "8"]
[EventCountry "ESP"]
[SourceTitle "EXT 2018"]
[Source "ChessBase"]
[SourceDate "2017.10.13"]
[SourceVersion "1"]
[SourceVersionDate "2017.10.13"]
[SourceQuality "1"]

1. e4 e6 2. d4 d5 3. Nd2 c5 4. dxc5 Bxc5 5. Nb3 Bb6 6. e5 Qh4 7. Qe2 Nc6 8. Be3 f6 9. Nf3 Qh5 10. Bxb6 axb6 11. Nbd4 Nxd4 12. Nxd4 Qxe2+ 13. Bxe2 fxe5 14. Nb5 Ke7 15. 0-0-0 Rxa2 16. c4 Nf6 17. Kb1 Ra5 18. Rhe1 Bd7 19. Nc3 Rha8 20. Kc2 Rc8 21. b3 b5 22. b4 Raa8 23. c5 b6 24. c6 Rxc6 25. Kb2 Rac8 26. Rc1 d4 27. Nxb5 Rxc1 28. Rxc1 Rxc1 29. Kxc1 Nd5 30. Na3 Nxb4 31. Kd2 e4 32. Nc4 Nd5 33. Ne5 Be8 34. Ba6 Kd6 35. Nc4+ Kc5 36. Na3 b5 37. Bc8 b4 38. Nc2 b3 39. Na3 Kb4 40. Nb1 Nc3 0-1

[Event "Barcelona Ideal Clave op 20th"]
[Site "Barcelona"]
[Date "2016.10.15"]
[Round "3"]
[White "Jove Grau, Lluis"]
[Black "Vargas Drechsler, Carlos"]
[Result "1-0"]
[WhiteElo "2063"]
[BlackElo "1930"]
[PlyCount "51"]
[EventDate "2016.10.01"]
[EventType "swiss"]
[EventRounds "8"]
[EventCountry "ESP"]
[SourceTitle "EXT 2018"]
[Source "ChessBase"]
[SourceDate "2017.10.13"]
[SourceVersion "1"]
[SourceVersionDate "2017.10.13"]
[SourceQuality "1"]

1. d4 d5 2. Nf3 c6 3. e3 Bf5 4. c4 e6 5. Nc3 Nf6 6. Bd3 Bg6 7. 0-0 Nbd7 8. Bxg6 hxg6 9. Qd3 Bd6 10. e4 Nxe4 11. Nxe4 dxe4 12. Qxe4 Nf6 13. Qe2 Qc7 14. g3 Qd7 15. Ne5 Qe7 16. Re1 0-0-0 17. Be3 Rh3 18. Kg2 Rdh8 19. Rh1 c5 20. f3 b6 21. Bg1 Nh5 22. Bf2 cxd4 23. c5 Bxe5 24. Qxe5 Qf6 25. Qe4 Kb8 26. Bxd4 1-0

[Event "Martorell op 34th"]
[Site "Martorell"]
[Date "2016.10.15"]
[Round "5"]
[White "Ruiz Font, Elisabet"]
[Black "Jove Grau, Lluis"]
[Result "1/2-1/2"]
[WhiteElo "2034"]
[BlackElo "2063"]
[PlyCount "68"]
[EventDate "2016.09.17"]
[EventType "swiss"]
[EventRounds "9"]
[EventCountry "ESP"]
[SourceTitle "EXT 2018"]
[Source "ChessBase"]
[SourceDate "2017.10.13"]
[SourceVersion "1"]
[SourceVersionDate "2017.10.13"]
[SourceQuality "1"]

1. e4 e5 2. Nf3 Nc6 3. Bb5 Nf6 4. Qe2 Be7 5. 0-0 d6 6. c3 0-0 7. h3 Bd7 8. Rd1 Qe8 9. d4 Nxd4 10. Nxd4 exd4 11. Bd3 dxc3 12. Nxc3 Bc6 13. Bf4 Nd7 14. Nd5 Bxd5 15. exd5 Ne5 16. Bxe5 dxe5 17. Qc2 Bd6 18. Bxh7+ Kh8 19. Be4 g6 20. Qd2 Kg7 21. Rac1 Qe7 22. Rc4 f5 23. Bb1 Rf7 24. Qc3 Rh8 25. Re1 f4 26. Qf3 Qf6 27. Be4 b6 28. Rc6 Rh4 29. Rec1 Kf8 30. R1c3 g5 31. Kf1 Qh6 32. b4 Rg7 33. Bf5 Re7 34. Be4 Qf6 1/2-1/2

[Event "Martorell op 34th"]
[Site "Martorell"]
[Date "2016.10.08"]
[Round "4"]
[White "Lluverol Torrents, Salvador"]
[Black "Jove Grau, Lluis"]
[Result "0-1"]
[WhiteElo "1969"]
[BlackElo "2063"]
[PlyCount "50"]
[EventDate "2016.09.17"]
[EventType "swiss"]
[EventRounds "9"]
[EventCountry "ESP"]
[SourceTitle "EXT 2018"]
[Source "ChessBase"]
[SourceDate "2017.10.13"]
[SourceVersion "1"]
[SourceVersionDate "2017.10.13"]
[SourceQuality "1"]

1. d4 f5 2. c4 Nf6 3. Nf3 g6 4. g3 Bg7 5. Bg2 0-0 6. 0-0 d6 7. Nc3 Nc6 8. Qb3 Ne4 9. Be3 Nxc3 10. bxc3 e5 11. c5+ Kh8 12. d5 Na5 13. Qa4 b6 14. c6 Qf6 15. Rab1 Ba6 16. Ng5 f4 17. Ne4 Qe7 18. gxf4 exf4 19. Bd4 Bxe2 20. Rfe1 f3 21. Bh3 Rf4 22. Be6 Raf8 23. Bxg7+ Qxg7 24. Qc2 Nc4 25. Ng3 Na3 0-1

[Event "Martorell op 34th"]
[Site "Martorell"]
[Date "2016.10.01"]
[Round "3"]
[White "Jove Grau, Lluis"]
[Black "Gual Pascual, Antonio"]
[Result "0-1"]
[WhiteElo "2063"]
[BlackElo "2397"]
[PlyCount "64"]
[EventDate "2016.09.17"]
[EventType "swiss"]
[EventRounds "9"]
[EventCountry "ESP"]
[SourceTitle "EXT 2018"]
[Source "ChessBase"]
[SourceDate "2017.10.13"]
[SourceVersion "1"]
[SourceVersionDate "2017.10.13"]
[SourceQuality "1"]

1. e4 d6 2. d4 Nf6 3. Nc3 g6 4. g3 Bg7 5. Bg2 0-0 6. Nge2 c6 7. 0-0 e5 8. a4 a5 9. h3 Na6 10. Be3 Qc7 11. Qd2 Nb4 12. Rad1 Be6 13. b3 Rad8 14. f4 d5 15. dxe5 Nxe4 16. Nxe4 dxe4 17. Qc1 c5 18. Nc3 c4 19. Nb5 Qc8 20. Nd6 Rxd6 21. Rxd6 Bxh3 22. Qd2 h5 23. Rd1 Qg4 24. Bxh3 Qxh3 25. Qg2 Qg4 26. Bc5 Nd3 27. R1xd3 exd3 28. cxd3 c3 29. Rd4 Rc8 30. Rc4 Bf8 31. d4 Bxc5 32. dxc5 Rd8 0-1

[Event "Barcelona Sant Marti op-A 18th"]
[Site "Barcelona"]
[Date "2016.07.21"]
[Round "9"]
[White "Jove Grau, Lluis"]
[Black "Rakshitta, Ravi"]
[Result "0-1"]
[WhiteElo "2077"]
[BlackElo "1716"]
[PlyCount "62"]
[EventDate "2016.07.13"]
[EventType "swiss"]
[EventRounds "9"]
[EventCountry "ESP"]
[SourceTitle "CBM 173 Extra"]
[Source "ChessBase"]
[SourceDate "2016.08.29"]
[SourceVersion "1"]
[SourceVersionDate "2016.08.29"]
[SourceQuality "1"]

1. b4 e5 2. Bb2 d6 3. e3 g6 4. c4 Bg7 5. Nf3 Nf6 6. d4 e4 7. Nfd2 0-0 8. Nc3 Re8 9. Qc2 Bf5 10. Be2 h5 11. h3 Qe7 12. Nd5 Nxd5 13. cxd5 c6 14. g4 hxg4 15. hxg4 Bd7 16. dxc6 Nxc6 17. a3 Rac8 18. Qb3 Be6 19. Qa4 a6 20. b5 axb5 21. Qxb5 d5 22. Nb3 Na7 23. Qb6 Rc2 24. Nc5 Nc8 25. Qb3 Rxb2 26. Qxb2 Qxc5 27. Rb1 Qe7 28. a4 Nd6 29. Qb4 Qd7 30. Kd2 Nc4+ 31. Bxc4 dxc4 0-1

[Event "Barcelona Sant Marti op-A 18th"]
[Site "Barcelona"]
[Date "2016.07.15"]
[Round "3"]
[White "Jove Grau, Lluis"]
[Black "Ibanez Aullana, Jose Ramon"]
[Result "0-1"]
[WhiteElo "2077"]
[BlackElo "2258"]
[PlyCount "108"]
[EventDate "2016.07.13"]
[EventType "swiss"]
[EventRounds "9"]
[EventCountry "ESP"]
[SourceTitle "CBM 173 Extra"]
[Source "ChessBase"]
[SourceDate "2016.08.29"]
[SourceVersion "1"]
[SourceVersionDate "2016.08.29"]
[SourceQuality "1"]

1. d4 Nf6 2. Nf3 e6 3. c4 Bb4+ 4. Bd2 Qe7 5. a3 Bxd2+ 6. Qxd2 b6 7. g3 Ba6 8. Qc2 c5 9. Bg2 Nc6 10. dxc5 bxc5 11. Qa4 Bb7 12. 0-0 0-0 13. Nc3 Rab8 14. e3 d6 15. Rfd1 Nd7 16. Ne4 Nb6 17. Qc2 Rfd8 18. Rab1 f5 19. Ned2 a5 20. b3 Qf6 21. Rbc1 e5 22. Nb1 e4 23. Ne1 Ne5 24. Nc3 a4 25. Bf1 h5 26. Rb1 Qe6 27. Nxa4 Nxa4 28. bxa4 h4 29. Rb6 Bc6 30. a5 Ra8 31. a6 hxg3 32. hxg3 Qh6 33. Bg2 Qe6 34. Bf1 Kh7 35. Rdb1 Rd7 36. Qe2 Qf7 37. a4 Bxa4 38. Qa2 Bc6 39. Rb8 Raa7 40. R1b6 Qh5 41. Qb1 Rdc7 42. Rd8 Nf7 43. Rf8 Bd7 44. Qc2 Bc8 45. Be2 Qg5 46. Qd1 Qe7 47. Rxc8 Rxc8 48. Qd5 Qe5 49. Rb7 Qxd5 50. cxd5 Rxb7 51. axb7 Rb8 52. g4 Rxb7 53. gxf5 Rb1 54. Kf1 Ne5 0-1

[Event "Barcelona Guinardo op 5th"]
[Site "Barcelona"]
[Date "2015.12.31"]
[Round "5"]
[White "Jove Grau, Lluis"]
[Black "Garcia Jimenez, Francisco Javier"]
[Result "0-1"]
[WhiteElo "2019"]
[BlackElo "2270"]
[PlyCount "82"]
[EventDate "2015.12.27"]
[EventType "swiss"]
[EventRounds "9"]
[EventCountry "ESP"]
[SourceTitle "CBM 170 Extra"]
[Source "ChessBase"]
[SourceDate "2016.02.25"]
[SourceVersion "1"]
[SourceVersionDate "2016.02.25"]
[SourceQuality "1"]

1. b4 e5 2. Bb2 Bxb4 3. Bxe5 Nf6 4. c4 Nc6 5. Bb2 d5 6. cxd5 Qxd5 7. Nc3 Qa5 8. Nf3 Bg4 9. e3 Bxf3 10. Qxf3 0-0-0 11. Be2 Kb8 12. a3 Ne5 13. Qf5 Be7 14. Qc2 c6 15. 0-0 Bd6 16. f4 Ng6 17. Rab1 Rhe8 18. g3 Bc5 19. Bc1 h5 20. d4 Bf8 21. Bd2 Ng4 22. Qd3 Ne7 23. Bf3 Qf5 24. e4 Qd7 25. d5 f5 26. e5 Nxd5 27. Nxd5 Bc5+ 28. Kg2 cxd5 29. Rfc1 Bb6 30. Rb5 h4 31. h3 Nf2 32. Qb3 Ne4 33. Be1 g5 34. a4 g4 35. Bxe4 gxh3+ 36. Kh2 hxg3+ 37. Bxg3 dxe4 38. Rc2 Qd1 39. Bf2 Rg8 40. Bxb6 Rd2+ 41. Rxd2 Qxd2+ 0-1

[Event "Barcelona Sants op 17th"]
[Site "Barcelona"]
[Date "2015.08.21"]
[Round "1"]
[White "Bellia, Fabrizio"]
[Black "Jove Grau, Lluis"]
[Result "1-0"]
[WhiteElo "2461"]
[BlackElo "2075"]
[PlyCount "95"]
[EventDate "2015.08.21"]
[EventType "swiss"]
[EventRounds "10"]
[EventCountry "ESP"]
[SourceTitle "EXT 2016"]
[Source "ChessBase"]
[SourceDate "2015.10.08"]
[SourceVersion "1"]
[SourceVersionDate "2015.10.08"]
[SourceQuality "1"]

1. e4 c5 2. Nf3 Nc6 3. Bb5 e6 4. 0-0 Nge7 5. Re1 a6 6. Bf1 d5 7. Nc3 dxe4 8. Nxe4 Nf5 9. d3 Be7 10. c3 b6 11. g3 0-0 12. a3 a5 13. a4 Ra7 14. Bf4 Ba6 15. Qc2 Qd5 16. Rad1 e5 17. Bc1 f6 18. Bh3 Bc8 19. Bg2 Qf7 20. Ned2 Be6 21. Nc4 Nd6 22. Nfd2 Nxc4 23. Nxc4 Rc7 24. Nxb6 Bb3 25. Qxb3 Qxb3 26. Bd5+ Qxd5 27. Nxd5 Rb7 28. Nxe7+ Nxe7 29. d4 cxd4 30. cxd4 Nc6 31. dxe5 Nxe5 32. Kg2 Rc8 33. Re2 Rc4 34. f4 Nc6 35. Be3 Rxa4 36. Rc1 Ne7 37. Bc5 Kf7 38. b3 Rab4 39. Bxb4 axb4 40. Rd2 h5 41. Rc5 Kg6 42. Kf3 Rb6 43. Rd4 Nf5 44. Rdd5 Ne7 45. f5+ Kh7 46. Rd7 Nc6 47. Ke4 Ne5 48. Re7 1-0

[Event "Benidorm op U2300 13th"]
[Site "Benidorm"]
[Date "2014.12.04"]
[Round "7"]
[White "Longa Yauca, Javier"]
[Black "Jove Grau, Lluis"]
[Result "1-0"]
[WhiteElo "2284"]
[BlackElo "2077"]
[PlyCount "67"]
[EventDate "2014.11.28"]
[EventType "swiss"]
[EventRounds "10"]
[EventCountry "ESP"]
[SourceTitle "CBM 163 Extra"]
[Source "ChessBase"]
[SourceDate "2014.12.23"]
[SourceVersion "1"]
[SourceVersionDate "2014.12.23"]
[SourceQuality "1"]

1. d4 Nf6 2. c4 g6 3. Nc3 Bg7 4. e4 d6 5. Nf3 0-0 6. Be2 Nbd7 7. h3 e5 8. Be3 exd4 9. Bxd4 Re8 10. Qc2 Qe7 11. Nd2 Nc5 12. Bxc5 dxc5 13. 0-0-0 c6 14. f4 a6 15. e5 Nd7 16. Nde4 f6 17. Nd6 Rd8 18. Kb1 fxe5 19. Bg4 Nb6 20. Nxc8 Raxc8 21. Bxc8 Rxc8 22. Qb3 Qc7 23. Ne4 Nd7 24. Qd3 Nf8 25. Nxc5 exf4 26. Rhe1 Qb6 27. Nb3 c5 28. Qd5+ Kh8 29. Qf7 Bf6 30. Rd5 a5 31. Rxc5 Rd8 32. Rd5 Bg7 33. Re7 Qg1+ 34. Kc2 1-0

[Event "Benidorm op U2300 13th"]
[Site "Benidorm"]
[Date "2014.11.30"]
[Round "3"]
[White "Tejedor Fuente, Enrique"]
[Black "Jove Grau, Lluis"]
[Result "1-0"]
[WhiteElo "2288"]
[BlackElo "2077"]
[PlyCount "51"]
[EventDate "2014.11.28"]
[EventType "swiss"]
[EventRounds "10"]
[EventCountry "ESP"]
[SourceTitle "CBM 163 Extra"]
[Source "ChessBase"]
[SourceDate "2014.12.23"]
[SourceVersion "1"]
[SourceVersionDate "2014.12.23"]
[SourceQuality "1"]

1. e4 d5 2. d4 dxe4 3. Nc3 Nf6 4. f3 exf3 5. Qxf3 c6 6. Be3 Bg4 7. Qf2 e6 8. h3 Bf5 9. Nf3 Bb4 10. Bd3 Bxd3 11. cxd3 Nbd7 12. 0-0 0-0 13. Qg3 Kh8 14. Bg5 Be7 15. Rae1 Nd5 16. Bc1 Nxc3 17. bxc3 c5 18. dxc5 Nxc5 19. Rd1 f6 20. Kh1 Rc8 21. Nd4 Qd7 22. Ne2 Bd6 23. Qh4 Qa4 24. d4 Qc4 25. Nf4 Bxf4 26. dxc5 1-0

[Event "Barcelona Sants op 16th"]
[Site "Barcelona"]
[Date "2014.08.24"]
[Round "3"]
[White "Gomez Ledo, Roberto Carlos"]
[Black "Jove Grau, Lluis"]
[Result "1-0"]
[WhiteElo "2411"]
[BlackElo "2100"]
[PlyCount "47"]
[EventDate "2014.08.22"]
[EventType "swiss"]
[EventRounds "10"]
[EventCountry "ESP"]
[SourceTitle "CBM 162 Extra"]
[Source "ChessBase"]
[SourceDate "2014.10.17"]
[SourceVersion "1"]
[SourceVersionDate "2014.10.17"]
[SourceQuality "1"]

1. d4 Nf6 2. c4 d6 3. Nf3 Nbd7 4. g3 e5 5. Bg2 Be7 6. 0-0 0-0 7. Nc3 Re8 8. e4 c6 9. h3 Qc7 10. Re1 a6 11. a4 b6 12. b3 Nf8 13. Bb2 Ng6 14. Rc1 h6 15. Qc2 Nh7 16. Nd1 Ng5 17. Nxg5 Bxg5 18. Ne3 Bxe3 19. Rxe3 c5 20. d5 Rf8 21. Rf1 f5 22. f4 exf4 23. gxf4 fxe4 24. Rg3 1-0

[Event "Foment Martinenc op-A 16th"]
[Site "Barcelona"]
[Date "2014.05.24"]
[Round "5"]
[White "Jove Grau, Lluis"]
[Black "Cervello Tost, Ferran"]
[Result "1/2-1/2"]
[WhiteElo "2150"]
[BlackElo "2065"]
[PlyCount "87"]
[EventDate "2014.04.26"]
[EventType "swiss"]
[EventRounds "9"]
[EventCountry "ESP"]
[SourceTitle "EXT 2015"]
[Source "ChessBase"]
[SourceDate "2014.11.20"]
[SourceVersion "1"]
[SourceVersionDate "2014.11.20"]
[SourceQuality "1"]

1. f4 d6 2. Nf3 g6 3. g3 Bg7 4. Bg2 c6 5. 0-0 Nf6 6. d3 0-0 7. e4 e5 8. c4 Qb6+ 9. Kh1 Ng4 10. Qe2 exf4 11. gxf4 d5 12. cxd5 cxd5 13. Nc3 dxe4 14. dxe4 Bd7 15. Nd5 Qc5 16. a4 Re8 17. Qd3 Na6 18. Ne3 Rad8 19. Nxg4 Bxg4 20. Qb5 Bd7 21. Qxc5 Nxc5 22. e5 Bc6 23. Be3 Nxa4 24. b3 Nb6 25. Rxa7 Nd5 26. Bc1 Bb5 27. Re1 Ba6 28. Bf1 Nb4 29. Bxa6 bxa6 30. Rf1 Rd3 31. Ng5 Red8 32. Ba3 Nc2 33. Bd6 Ne3 34. Ra1 Rc8 35. R7xa6 Bh6 36. Ra8 Rdc3 37. Rxc8+ Rxc8 38. b4 Nc4 39. Bc5 Nxe5 40. fxe5 Bxg5 41. Bd6 h5 42. b5 Be3 43. Kg2 Rc3 44. Ra8+ 1/2-1/2

[Event "Benidorm op U2300 11th"]
[Site "Benidorm"]
[Date "2012.12.07"]
[Round "9"]
[White "Castellanos Bogalo, Antonio"]
[Black "Jove Grau, Lluis"]
[Result "1-0"]
[WhiteElo "2091"]
[BlackElo "2217"]
[PlyCount "45"]
[EventDate "2012.11.30"]
[EventType "swiss"]
[EventRounds "10"]
[EventCountry "ESP"]
[SourceTitle "EXT 2014"]
[Source "ChessBase"]
[SourceDate "2013.11.20"]
[SourceVersion "1"]
[SourceVersionDate "2013.11.20"]
[SourceQuality "1"]

1. e4 c5 2. Nf3 a6 3. d4 cxd4 4. c3 dxc3 5. Nxc3 e6 6. Bc4 d6 7. 0-0 Ne7 8. Bf4 Ng6 9. Bg3 Be7 10. Qe2 b5 11. Bb3 Ra7 12. Rfd1 Rd7 13. Nd4 e5 14. Nf5 0-0 15. Nd5 Bb7 16. Ndxe7+ Nxe7 17. Bh4 Qc7 18. Rac1 Nbc6 19. Bxe7 Rxe7 20. Qg4 g6 21. Rxd6 Rd8 22. Nxe7+ Qxe7 23. Rdxc6 1-0

[Event "Benidorm op U2300 08th"]
[Site "Benidorm"]
[Date "2009.12.06"]
[Round "9"]
[White "Jove Grau, Lluis"]
[Black "Arata, Roberto Mario"]
[Result "1-0"]
[WhiteElo "2205"]
[BlackElo "2257"]
[PlyCount "80"]
[EventDate "2009.11.28"]
[EventType "swiss"]
[EventRounds "10"]
[EventCountry "ESP"]
[SourceTitle "CBM 133 Extra"]
[Source "ChessBase"]
[SourceDate "2010.01.05"]
[SourceVersion "1"]
[SourceVersionDate "2010.01.05"]
[SourceQuality "1"]

1. f4 d5 2. Nf3 g6 3. g3 Bg7 4. Bg2 Nh6 5. 0-0 0-0 6. d3 d4 7. c3 c5 8. e4 dxe3 9. Bxe3 Qc7 10. Kh1 Rd8 11. Qe2 b6 12. Na3 Bb7 13. Rfd1 Nc6 14. Nb5 Qc8 15. a4 Nf5 16. Bf2 a6 17. Na3 Nd6 18. Rac1 Re8 19. d4 cxd4 20. cxd4 Qd8 21. Ne5 Nb4 22. d5 a5 23. Nc6 Qd7 24. Nb5 Nc8 25. Nxb4 axb4 26. Rc7 Qd8 27. Rxb7 Rxa4 28. Qc2 Ra2 29. Bd4 Bxd4 30. Nxd4 Nd6 31. Nc6 Qc8 32. Rxb6 Qg4 33. Rxb4 Nf5 34. Ne5 Ne3 35. Nxg4 Nxc2 36. Rb7 h5 37. Ne5 Kg7 38. Be4 Ne3 39. Re1 Ng4 40. Nxg4 hxg4 1-0

[Event "Benidorm op U2300 06th"]
[Site "Benidorm"]
[Date "2007.12.07"]
[Round "8"]
[White "Ferrer Roig, Juan"]
[Black "Jove Grau, Lluis"]
[Result "1-0"]
[WhiteElo "2130"]
[BlackElo "2220"]
[PlyCount "55"]
[EventDate "2007.11.30"]
[EventType "swiss"]
[EventRounds "9"]
[EventCountry "ESP"]
[SourceTitle "CBM 121 Extra"]
[Source "ChessBase"]
[SourceDate "2008.01.10"]
[SourceVersion "1"]
[SourceVersionDate "2008.01.10"]
[SourceQuality "1"]

1. e4 c5 2. Nf3 a6 3. c3 Nf6 4. e5 Nd5 5. d4 cxd4 6. cxd4 e6 7. Bd3 Be7 8. Nc3 Nxc3 9. bxc3 d6 10. 0-0 0-0 11. exd6 Qxd6 12. Ne5 Nd7 13. Bf4 Nxe5 14. Bxe5 Qd8 15. Qc2 f5 16. Qb3 Qe8 17. Rfe1 Qf7 18. a4 Re8 19. Bc4 Bg5 20. Re2 h5 21. Rae1 Bd7 22. Bd6 b5 23. axb5 axb5 24. Bxb5 Bxb5 25. Qxb5 Red8 26. Bb4 Bf6 27. Qc4 Rd5 28. Rxe6 1-0

[Event "Benidorm op U2300 06th"]
[Site "Benidorm"]
[Date "2007.12.02"]
[Round "3"]
[White "Jove Grau, Lluis"]
[Black "Voiteanu, Christian Gabriel"]
[Result "0-1"]
[WhiteElo "2220"]
[BlackElo "2278"]
[PlyCount "61"]
[EventDate "2007.11.30"]
[EventType "swiss"]
[EventRounds "9"]
[EventCountry "ESP"]
[SourceTitle "CBM 121 Extra"]
[Source "ChessBase"]
[SourceDate "2008.01.10"]
[SourceVersion "1"]
[SourceVersionDate "2008.01.10"]
[SourceQuality "1"]

1. d4 Nf6 2. Nf3 g6 3. e3 Bg7 4. Bd3 d5 5. 0-0 0-0 6. b3 c5 7. Bb2 Ne4 8. c4 Nc6 9. Ne5 cxd4 10. Nxc6 bxc6 11. exd4 Nc5 12. Be2 dxc4 13. Bxc4 Ne6 14. Bxe6 Bxe6 15. Qd2 c5 16. Rd1 Qd5 17. Qa5 cxd4 18. Qxd5 Bxd5 19. Bxd4 Bxb3 20. axb3 Rfd8 21. Ra4 e5 22. Nd2 Rxd4 23. Rxd4 exd4 24. Kf1 Rc8 25. Nc4 Rc5 26. Ra1 Rc7 27. Ra5 Rb7 28. Nd6 Rb6 29. Ne4 Rxb3 30. Rxa7 f5 31. Ra8+ 0-1